|
|
|
|
| LEADER |
00000cam a22000004a 4500 |
| 001 |
musev2_10752 |
| 003 |
MdBmJHUP |
| 005 |
20230905041222.0 |
| 006 |
m o d |
| 007 |
cr||||||||nn|n |
| 008 |
900216s1991 nyu o 00 0 eng d |
| 010 |
|
|
|z 90009580
|
| 020 |
|
|
|a 9781438403144
|
| 020 |
|
|
|z 9780791404959
|
| 020 |
|
|
|z 0791404951
|
| 020 |
|
|
|z 1438403143
|
| 035 |
|
|
|a (OCoLC)42636718
|
| 040 |
|
|
|a MdBmJHUP
|c MdBmJHUP
|
| 041 |
1 |
|
|a eng
|h heb
|
| 050 |
0 |
4 |
|a BM517.S75
|b F73 1991
|
| 082 |
0 |
|
|a 296.1/4
|2 20
|
| 100 |
1 |
|
|a Fraade, Steven D.
|
| 245 |
1 |
0 |
|a From Tradition to Commentary :
|b Torah and Its Interpretation in the Midrash Sifre to Deuteronomy /
|c Steven D. Fraade.
|
| 264 |
|
1 |
|a Albany :
|b State University of New York Press,
|c 1991.
|
| 264 |
|
3 |
|a Baltimore, Md. :
|b Project MUSE,
|c 2012
|
| 264 |
|
4 |
|c ©1991.
|
| 300 |
|
|
|a 1 online resource (343 pages).
|
| 336 |
|
|
|a text
|b txt
|2 rdacontent
|
| 337 |
|
|
|a computer
|b c
|2 rdamedia
|
| 338 |
|
|
|a online resource
|b cr
|2 rdacarrier
|
| 500 |
|
|
|a Includes translations from Hebrew.
|
| 504 |
|
|
|a Includes bibliographical references (p. 281-310) and indexes.
|
| 588 |
|
|
|a Description based on print version record.
|
| 630 |
0 |
0 |
|a Bible.
|p O.T.
|p Deuteronomy
|x Commentaries.
|
| 630 |
0 |
0 |
|a Sifrei.
|p Deuteronomy
|x Commentaries.
|
| 655 |
|
7 |
|a Electronic books.
|2 local
|
| 710 |
2 |
|
|a Project Muse.
|e distributor
|
| 830 |
|
0 |
|a Book collections on Project MUSE.
|
| 856 |
4 |
0 |
|z Texto completo
|u https://projectmuse.uam.elogim.com/book/10752/
|
| 945 |
|
|
|a Project MUSE - Custom Collection
|
| 945 |
|
|
|a Project MUSE - Archive Complete Foundation
|
| 945 |
|
|
|a Project MUSE - Archive Philosophy and Religion Foundation
|
| 945 |
|
|
|a Project MUSE - Archive Jewish Studies Foundation
|